000 01332cam a22003617a 4500
003 CHAP
005 20220329142436.0
008 010214d2000 mx rs o00110 spa d
010 _a83523
011 _a84495
020 _a970132904X
035 _a95015
040 _cCHAP
082 0 4 _a339.42
_bI55
110 2 _aInstituto Nacional de Estadística, Geografía e Informática. México
_959304
245 1 0 _aDiferencias de género en las aportaciones al hogar y en el uso del tiempo
_c/por Instituto Nacional de Estadística, Geografía e Informática
260 _aAguascalientes, Ags. :
_bInstituto Nacional de Estadística, Geografía e Informática,
_c2000.
300 _a171 p.
590 _aBATCH-UPD
_b10
_c20130110
_lUCH01
_h1014
590 _aBATCH-UPD
_b10
_c20130410
_lUCH01
_h0621
590 _aBATCH-UPD
_b10
_c20130914
_lUCH01
_h1054
590 _aCONVERSION
_b10
_c20130109
_lUCH01
_h1346
650 1 4 _aCostos y nivel de vida
_xEstadísticas.
_928528
650 1 4 _aCostos y nivel de vida
_zMéxico.
_928549
650 1 4 _aEnfoque de género.
_936945
650 1 4 _aIngresos.
_958362
650 1 4 _aMujer
_xSituación social
_zMéxico.
_979341
650 1 4 _aTiempo.
_9113046
901 _aBK
905 _aLilia sánchez G.
942 _cLIBRO
949 _a339.42 I55
_bBC
_cINEGI
_d33724000815544
_eINEGI
_h99730
_i95015
_st
999 _c83523
_d83523